Genres' Best Films According to IMDb - Statistics

General Stats
  • This quiz has been taken 125 times
    78 since last reset
  • The average score is 5 of 8
Answer Stats
Genre Rating Answer % Correct
Western 9.0 The Good, the Bad and the Ugly
77%
Animation 8.6 Spirited Away
75%
Fantasy 8.9 The Lord of the Rings: The Return of the King
74%
Crime 9.3 The Shawshank Redemption
71%
Action 9.0 The Dark Knight
63%
Horror 8.6 Psycho
51%
Sci-Fi 8.8 Inception
42%
Film-noir 8.6 Sunset Boulevard
9%
No matching quizzes found
Score Distribution
Percent of People with Each Score
Percentile by Number Answered
Your Score History
You have not taken this quiz since the last reset